LEADER 00961nam0-22003131i-450- 001 990006425380403321 005 20081017123036.0 010 $a88-420-5749-5 035 $a000642538 035 $aFED01000642538 035 $a(Aleph)000642538FED01 035 $a000642538 100 $a20010108d1999----km-y0itay50------ba 101 0 $aita 105 $ay-------001yy 200 1 $a<>Stati Uniti e l'apertura a sinistra$eimportanza e limiti della presenza americana in Italia$fLeopoldo Nuti 210 $a[Roma]$cLaterza$dc1999 215 $a728 p.$d21 cm 225 1 $aLibri del tempo Laterza$v294 610 0 $aItalia$aPolitica estera$aStati Uniti 676 $a327.45073 700 1$aNuti,$bLeopoldo$f<1958- >$0241708 801 0$aIT$bUNINA$gRICA$2UNIMARC 901 $aBK 912 $a990006425380403321 952 $a327.45 NUT 1$bBibl.35563$fFLFBC 959 $aFLFBC 996 $aStati Uniti e l'apertura a sinistra$9649729 997 $aUNINA LEADER 00837nam0-22003011i-450- 001 990006770630403321 005 20001010 035 $a000677063 035 $aFED01000677063 035 $a(Aleph)000677063FED01 035 $a000677063 100 $a20001010d--------km-y0itay50------ba 101 0 $aita 105 $ay-------001yy 200 1 $a<>eclipse of a great power$emodern Britain$e1870-1975$fKeith Robbins 210 $aLondon-New York$cLongman$d1992. 215 $aXII, 408 p.$d23 cm 225 1 $aFoundations of modern Britain$v 676 $a941.08 700 1$aRobbins,$bKeith$0170677 801 0$aIT$bUNINA$gRICA$2UNIMARC 901 $aBK 912 $a990006770630403321 952 $aXI A 2203$b19811$fFSPBC 959 $aFSPBC 996 $aEclipse of a great power$9618236 997 $aUNINA DB $aGEN01